New introductory lectures on psychoanalysis
Saved in:
| Main Author: | |
|---|---|
| Other Authors: | , |
| Format: | Book |
| Language: | English |
| Published: |
Harmondsworth, England :
Penguin,
1976
|
| Series: | Pelican Freud library
|
| Subjects: | |
| Tags: |
Add Tag
No Tags, Be the first to tag this record!
|
MARC
| LEADER | 00000nam a2200000 i 4500 | ||
|---|---|---|---|
| 001 | 1/83012 | ||
| 008 | 960621s1976 eng d | ||
| 020 | |a 0-14-021735-5 | ||
| 035 | |a 1987 |c Αγορά |l 10034089 | ||
| 040 | |a GR-MY-UA |b gre |e aacr | ||
| 041 | 0 | |a eng | |
| 082 | 0 | |a 150.1952 | |
| 100 | 1 | |a Freud, Sigmund, |d 1856-1939. | |
| 245 | 1 | 0 | |a New introductory lectures on psychoanalysis / |c Sigmund Freud ; edited by James Strachey and Angela Richards |
| 260 | |a Harmondsworth, England : |b Penguin, |c 1976 | ||
| 300 | |a 557 p. | ||
| 490 | 1 | |a The Pelican Freud library |v ; 1 | |
| 650 | 0 | 0 | |a Psychoanalysis. |
| 650 | 0 | 0 | |a Dreams. |
| 650 | 0 | 0 | |a Neuroses. |
| 650 | 0 | 0 | |a Subconsciousness. |
| 700 | 1 | |a Strachey, James. |4 edt | |
| 700 | 1 | |a Richards, Angela. |4 edt | |
| 830 | 0 | |a Pelican Freud library | |
| 852 | |a INST |b RHODES |e 19960621 |h 150.1952 FRE |p 005400004735 |q 005400004735 |t BK |y 0 | ||
| 852 | |a INST |b RHODES |e 19960621 |h 150.1952 FRE |p 005400004802 |q 005400004802 |t BK |y 0 | ||
| 909 | |a Ρ |b 006067 |c 1987 | ||
| 909 | |a Ρ |b 006068 |c 1987 | ||